Países que son A-M-A-R-I-L-L-O - Estadísticas

Estadísticas generales
  • Esta prueba ha sido intentada 249 veces
  • La puntuación promedio es 40 de 59
Respuestas en el mapa
Las respuestas están codificadas por una escala verde-roja en el mapa de la prueba según el % correcto abajo.
 
Estadísticas de respuestas
País % Correcto
Argentina
92%
Omán
92%
India
85%
Islandia
85%
Australia
84%
Indonesia
84%
Alemania
83%
Irlanda
81%
Letonia
81%
Lituania
81%
Ruanda
81%
Rusia
81%
Rumania
79%
Andorra
78%
Mauritania
77%
Armenia
76%
Laos
76%
Afganistán
75%
Angola
75%
Argelia
75%
Austria
75%
Azerbaiyán
75%
Albania
74%
México
74%
Malí
72%
Irak
71%
Irán
71%
Luxemburgo
70%
Marruecos
70%
Antigua y Barbuda
66%
Libia
66%
Mongolia
65%
Islas Salomón
64%
Islas Marshall
63%
Italia
63%
Mónaco
63%
Moldavia
62%
Lesoto
61%
Liberia
61%
Liechtenstein
61%
Reino Unido
61%
Macedonia del Norte
60%
Madagascar
60%
Montenegro
60%
República Dominicana
60%
Arabia Saudita
59%
Líbano
59%
Mauricio
59%
Mozambique
59%
República Checa
58%
República Democrática del Congo
58%
República del Congo
57%
Israel
54%
Malasia
54%
Malta
54%
Malaui
49%
República Centroafricana
49%
Maldivas
46%
Myanmar
46%
No se encontraron pruebas coincidentes
Distribución de puntuación
Porcentaje de gente con cada puntuación
Porcentaje por número respondido
Historial de tus puntuaciones
No has intentado esta prueba.